000 00598nam a2200193Ia 4500
003 LDD
008 190117s9999 xx 000 0 und d
020 _a9789350483442
_c₹300
040 _cLDD
041 _ahi
082 _a8H3.7 शु1166क
100 _aशुक्ल, ऋता
245 0 _aकब आओगे महामना
_cऋता शुक्ल
260 _bप्रभात प्रकाशन
_c2015
300 _a263
901 _aKGP
904 _aReqst by : Jitendra kumr srivastav
942 _2ddc
_cH
999 _c171820
_d171820